عرض عادي عرض مارك
  • Pharmacology

مدخل مصطلح موضوعي

عدد التسجيلات المستخدمة في: 2

001 - رقم الضبط

  • حقل الضبط: 5346

003 - معرف رقم الضبط

  • حقل الضبط: OSt

005 - تاريخ ووقت أخر عملية

  • حقل الضبط: 20111019143823.0

008 - عناصر بيانات ثابتة الطول

  • حقل تحكم ثابت الطول: 111019|||a|||||| | ||| d

040 ## - مصدر الفهرسة

  • هيئة الفهرسة الأصلية: OSt
  • وكالة الكتابة: OSt

150 ## - مدخل-- مصطلح تاريخي

  • عنصر مدخل المصطلح الموضوعي او الاسم الجغرافي: Pharmacology
  • تفريع شكلي: Nurses' Instruction.

670 ## - بيانات المصدر موجوده

  • الاستشهاد بالمصدر: Work cat.: (OSt)1012: McKenry, Leda M. 5345, Mosby's pharmacology in nursing /, 2001.